Improvements to financial reporting standards (Record no. 109260)

MARC details
000 -LEADER
fixed length control field 01190cam a22002535a 4500
001 - CONTROL NUMBER
control field E146707
008 - FIXED-LENGTH DATA ELEMENTS--GENERAL INFORMATION
fixed length control field 090218s2008 xxk f 000 0 eng d
020 ## - INTERNATIONAL STANDARD BOOK NUMBER
International Standard Book Number 9781847981271
035 ## - SYSTEM CONTROL NUMBER
System control number (Sirsi) u146707
041 0# - LANGUAGE CODE
Language code of text/sound track or separate title eng
050 04 - LIBRARY OF CONGRESS CALL NUMBER
Classification number 657.3 $2 18
110 2# - MAIN ENTRY--CORPORATE NAME
Corporate name or jurisdiction name as entry element Accounting Standards Board
9 (RLIN) 3454
245 00 - TITLE STATEMENT
Title Improvements to financial reporting standards
260 ## - PUBLICATION, DISTRIBUTION, ETC.
Place of publication, distribution, etc. Kingston
Name of publisher, distributor, etc. ASB
Date of publication, distribution, etc. 2008
300 ## - PHYSICAL DESCRIPTION
Extent 83p.
Dimensions 21cm.
490 #0 - SERIES STATEMENT
Series statement ASB Financial Reporting Standard
505 2# - FORMATTED CONTENTS NOTE
Formatted contents note Introduction -- Adoption of improvements to financial reporting standards by the Accounting Standards Board -- Section 1, improvements to financial reporting standards -- Section 2, amendments to financial reporting standards arising from new, revised or amended international financial reporting standards -- Section 3, editorial corrections to financial reporting standards
520 ## - SUMMARY, ETC.
Summary, etc. Sets out amendments to Financial Reporting Standards, including amendments to basis for conclusions and application guidance.
521 ## - TARGET AUDIENCE NOTE
Target audience note Expert
590 ## - LOCAL NOTE (RLIN)
Local note KA
651 #4 - SUBJECT ADDED ENTRY--GEOGRAPHIC NAME
Geographic name United Kingdom
Chronological subdivision
690 ## - LOCAL SUBJECT ADDED ENTRY--TOPICAL TERM (OCLC, RLIN)
Topical term or geographic name as entry element MANAGEMENT-BUSINESS MANAGEMENT-FINANCIAL MANAGEMENT-ACCOUNTING-FINANCIAL REPORTING
942 ## - ADDED ENTRY ELEMENTS (KOHA)
Suppress in OPAC 0
Holdings
Withdrawn status Lost status Source of classification or shelving scheme Damaged status Not for loan Home library Current library Shelving location Date acquired Total Checkouts Full call number Barcode Date last seen Copy number Price effective from Koha item type
    Dewey Decimal Classification     London London Boxed set 01/07/2009   BOXED SET 30074976 06/08/2019 1 06/08/2019 Reference material